000 00317nam a2200121Ia 4500
008 220216s9999 xx 000 0 und d
245 0 _aSynthetic rubber market activities
260 _bIRSG Rubber Industry Report
_c2002
300 _a24-27
650 _aMarket activities
650 _aSynthetic rubber
942 _cJS
999 _c70175
_d70175